La experiencia americana de José María Arguedas

Furkejuvvon:
Bibliográfalaš dieđut
Váldodahkki: Marín, Gladys C. (autora)
Materiálatiipa: Girji
Giella:espánnjágiella
Almmustuhtton: Buenos Aires Fernando García Cambeiro 1973
Ráidu:Estudios Latinoamericanos
Fáttát:
Fáddágilkorat: Lasit fáddágilkoriid
Eai fáddágilkorat, Lasit vuosttaš fáddágilkora!

MARC

LEADER 00000nam a2200000 a 4500
001 UCQ6451
003 CL-VaPUC
008 981016e19730000AG |||||||||||||||||spa|d
082 0 4 |a Pe863.09  |b MAR  |2 21 
100 |a Marín, Gladys C.  |e autora  |9 420330 
245 1 3 |a La experiencia americana de José María Arguedas 
300 |a 254 p 
942 |c BK 
945 |d 19981016 00:00:00  |a crobeson 
260 |a Buenos Aires  |b Fernando García Cambeiro  |c 1973 
600 0 |a Arguedas, José María  |9 313849 
650 7 |a NOVELA PERUANA  |2 CL-VaPUC  |9 347320 
650 0 |a Literatura peruana  |9 257452 
650 0 |a Crítica e interpretación   |9 255042 
583 |a last modification  |c 19981016 00:00:00  |k Rodrigo Vera 
490 0 |a Estudios Latinoamericanos 
999 |c 276408  |d 276406 
952 |0 0  |1 0  |4 0  |6 PE_863_090000000000000_MAR_1973  |7 0  |8 A  |9 313623  |a BIBEDU  |b BIBEDU  |d 2019-11-20  |i 1481770  |o Pe863.09 MAR 1973  |p 1481770  |r 2019-11-20  |w 2019-11-20  |y BK  |k LIT